2024-2025 NBA Head Coach - Statistics

General Stats
  • This quiz has been taken 285 times
  • The average score is 20 of 30
Answer Stats
Hint Answer % Correct
San Antonio Spurs Gregg Popovich
94%
Dallas Mavericks Jason Kidd
94%
Golden State Warriors Steve Kerr
94%
Milwaukee Bucks Doc Rivers
92%
Los Angeles Lakers JJ Redick
92%
Denver Nuggets Michael Malone
87%
Boston Celtics Joe Mazzulla
86%
Miami Heat Erik Spoelstra
85%
New York Knicks Tom Thibodeau
82%
Los Angeles Clippers Tyronn Lue
82%
Houston Rockets Ime Udoka
80%
Minnesota Timberwolves Chris Finch
72%
Sacramento Kings Mike Brown
71%
Phoenix Suns Mike Budenholzer
70%
Philadelphia 76ers Nick Nurse
70%
Oklahoma City Thunder Mark Daigneault
69%
Indiana Pacers Rick Carlisle
68%
Portland Trail Blazers Chauncey Billups
67%
Cleveland Cavaliers Kenny Atkinson
64%
Detroit Pistons JB Bickerstaff
60%
Atlanta Hawks Quin Snyder
58%
Memphis Grizzlies Taylor Jenkins
57%
Chicago Bulls Billy Donovan
56%
New Orleans Pelicans Willie Green
45%
Orlando Magic Jamahl Mosley
44%
Utah Jazz Will Hardy
40%
Brooklyn Nets Jordi Fernandez
33%
Toronto Raptors Darko Rajakovic
32%
Charlotte Hornets Charles Lee
25%
Washington Wizards Brian Keefe
13%
No matching quizzes found
Score Distribution
Percent of People with Each Score
Percentile by Number Answered
Your Score History
You have not taken this quiz